| 000 | 00712nam a2200217 a 4500 | ||
|---|---|---|---|
| 001 | 63330 | ||
| 003 | BD-RjUL | ||
| 005 | 20211209081201.0 | ||
| 008 | 170129r19951994ii 000 0 eng d | ||
| 035 | _a(BD-RjUL)63459 | ||
| 040 |
_aDLC _cFO _dDLC _dBD-RjUL _beng |
||
| 041 | _aeng | ||
| 082 |
_a620.11 _bKHT 1995 _223 |
||
| 100 |
_aKhanna, O. P. _9188467 |
||
| 245 | 1 | 2 |
_aA textbook of material science and metallurgy : _b(material Science, Extractive metallurgy, physical metallurgy, mechanical metallurgy) / _cO. P. Khanna |
| 250 | _arev. ed. | ||
| 260 |
_aNew York : _bBarnes & Noble, _c1994 [reprinted 1995] |
||
| 300 |
_avarious pages ; _c21 cm. |
||
| 650 |
_aMaterials science. _9188468 |
||
| 942 |
_2ddc _cBK |
||
| 999 |
_c63330 _d63330 |
||